[Event "Girona op 5th"]
[Site "Girona"]
[Date "2014.07.22"]
[Round "8"]
[White "Mundet Riera, Jaume"]
[Black "Naharro Mohedas, German"]
[Result "1-0"]
[WhiteElo "2295"]
[BlackElo "2031"]
[PlyCount "86"]
[EventDate "2014.07.15"]
[EventType "swiss"]
[EventRounds "9"]
[EventCountry "ESP"]
[SourceTitle "EXT 2016"]
[Source "ChessBase"]
[SourceDate "2015.10.08"]
[SourceVersion "1"]
[SourceVersionDate "2015.10.08"]
[SourceQuality "1"]

1. d4 Nf6 2. Bg5 Ne4 3. Bf4 g5 4. Bc1 h6 5. f3 Nf6 6. e4 d6 7. Nc3 Bg7 8. Be3 Nbd7 9. Nge2 Nb6 10. Ng3 0-0 11. Qd2 e5 12. d5 c6 13. 0-0-0 cxd5 14. exd5 Bd7 15. h4 gxh4 16. Bxh6 Nfxd5 17. Bxg7 Kxg7 18. Nxd5 Nxd5 19. Nh5+ Kg6 20. Qxd5 Qg5+ 21. Kb1 Qxh5 22. g3 Be6 23. Bd3+ Kf6 24. Qxd6 Rfd8 25. Qb4 a5 26. Qe1 h3 27. g4 Qh6 28. Qg3 Rh8 29. Rde1 Qf4 30. Rxh3 Qxg3 31. Rxg3 Kg5 32. Rgg1 f6 33. Be4 Rab8 34. Rd1 Rbd8 35. Bxb7 Kf4 36. Rxd8 Rxd8 37. b3 Bd5 38. Rd1 Bxb7 39. Rxd8 Bxf3 40. Rf8 Kg5 41. Rg8+ Kf4 42. Rg6 Bxg4 43. Rxf6+ Bf5 1-0

[Event "Girona op 5th"]
[Site "Girona"]
[Date "2014.07.19"]
[Round "5"]
[White "Naharro Mohedas, German"]
[Black "Boubakha, Mohamed"]
[Result "1-0"]
[WhiteElo "2031"]
[BlackElo "1828"]
[PlyCount "57"]
[EventDate "2014.07.15"]
[EventType "swiss"]
[EventRounds "9"]
[EventCountry "ESP"]
[SourceTitle "EXT 2016"]
[Source "ChessBase"]
[SourceDate "2015.10.08"]
[SourceVersion "1"]
[SourceVersionDate "2015.10.08"]
[SourceQuality "1"]

1. e4 e6 2. d4 Nf6 3. Nd2 a6 4. Ngf3 h6 5. Bd3 Bb4 6. c3 Ba5 7. Nc4 Bb6 8. Nxb6 cxb6 9. 0-0 0-0 10. Bc2 Nh7 11. Qd3 Re8 12. e5 Nf8 13. Nd2 d5 14. exd6 Qxd6 15. Ne4 Qd8 16. Qg3 Kh8 17. Bxh6 Ng6 18. Nd6 Re7 19. Bg5 Nc6 20. Nxf7+ Kg8 21. Nxd8 Nxd8 22. Bxg6 Rd7 23. Qh4 Nf7 24. Be7 Ng5 25. Bxg5 Rf7 26. Bxf7+ Kxf7 27. Rfe1 Bd7 28. Re3 g6 29. Rh3 1-0

[Event "Girona op 5th"]
[Site "Girona"]
[Date "2014.07.18"]
[Round "4"]
[White "Alarcon Pages, Salvador"]
[Black "Naharro Mohedas, German"]
[Result "1/2-1/2"]
[WhiteElo "1905"]
[BlackElo "2031"]
[PlyCount "50"]
[EventDate "2014.07.15"]
[EventType "swiss"]
[EventRounds "9"]
[EventCountry "ESP"]
[SourceTitle "EXT 2016"]
[Source "ChessBase"]
[SourceDate "2015.10.08"]
[SourceVersion "1"]
[SourceVersionDate "2015.10.08"]
[SourceQuality "1"]

1. c4 Nf6 2. Nc3 g6 3. e4 d6 4. Nf3 Bg7 5. Be2 0-0 6. 0-0 e5 7. d3 Nc6 8. Nd5 Nxd5 9. cxd5 Ne7 10. Ne1 f5 11. f4 exf4 12. Rxf4 g5 13. Rf1 Ng6 14. Nf3 g4 15. Ng5 f4 16. Ne6 Bxe6 17. dxe6 h5 18. Qb3 Kh8 19. Qd5 Qh4 20. Bd2 f3 21. Be1 f2+ 22. Rxf2 Rxf2 23. Bxf2 Qf6 24. Qxh5+ Kg8 25. d4 Qxe6 1/2-1/2

[Event "Santa Eugenia op 9th"]
[Site "Santa Eugenia"]
[Date "2014.05.09"]
[Round "3"]
[White "Cobos Navarro, Jorge"]
[Black "Naharro Mohedas, German"]
[Result "0-1"]
[WhiteElo "1843"]
[BlackElo "2020"]
[PlyCount "44"]
[EventDate "2014.04.25"]
[EventType "swiss"]
[EventRounds "9"]
[EventCountry "ESP"]
[SourceTitle "EXT 2015"]
[Source "ChessBase"]
[SourceDate "2014.11.20"]
[SourceVersion "1"]
[SourceVersionDate "2014.11.20"]
[SourceQuality "1"]

1. e4 c5 2. Nf3 d6 3. d4 cxd4 4. c3 Nf6 5. Qxd4 Nc6 6. Qd3 e6 7. Bf4 Be7 8. Nbd2 0-0 9. Qc2 d5 10. Bd3 h6 11. e5 Nd7 12. Rg1 d4 13. Ne4 Nc5 14. Nxc5 Bxc5 15. 0-0-0 Qa5 16. Bh7+ Kh8 17. cxd4 Be7 18. a3 Bd7 19. Kb1 b5 20. Be4 Rfc8 21. Qd2 b4 22. Rc1 Rcb8 0-1

[Event "Girona-ch"]
[Site "Barcelona"]
[Date "2001.10.21"]
[Round "3"]
[White "Colomer Camarasa, Jordi"]
[Black "Naharro Mohedas, German"]
[Result "1-0"]
[WhiteElo "2050"]
[BlackElo "1950"]
[PlyCount "89"]
[EventDate "2001.10.07"]
[EventType "swiss"]
[EventRounds "9"]
[EventCountry "ESP"]
[SourceTitle "EXT 2008"]
[Source "ChessBase"]
[SourceDate "2007.11.25"]
[SourceVersion "1"]
[SourceVersionDate "2007.11.25"]
[SourceQuality "1"]

1. f4 e5 2. e4 Bc5 3. Nf3 d6 4. c3 Nf6 5. d4 exd4 6. cxd4 Bb4+ 7. Bd2 Bxd2+ 8. Nbxd2 c6 9. Bd3 Nbd7 10. 0-0 0-0 11. Qc2 h6 12. Kh1 c5 13. d5 a6 14. a4 Nb6 15. a5 c4 16. Nxc4 Nxc4 17. Bxc4 b5 18. Bd3 Bb7 19. b4 Rc8 20. Qb2 Ng4 21. Qd4 f5 22. exf5 Nf6 23. Rac1 Rxc1 24. Rxc1 Bxd5 25. Qa7 Bxf3 26. gxf3 Qa8 27. Qxa8 Rxa8 28. Rc6 d5 29. Rd6 Nh5 30. Rxd5 Nxf4 31. Rd4 Nxd3 32. Rxd3 Ra7 33. Rd6 Kf7 34. Kg2 Ke7 35. Rg6 Kf7 36. Rb6 Ke7 37. Kg3 Kf7 38. Kf4 Rc7 39. Rxa6 Rc4+ 40. Ke5 Rxb4 41. Ra7+ Kg8 42. Rb7 Rb2 43. a6 Ra2 44. a7 Kh7 45. f6 1-0

[Event "Girona-ch"]
[Site "Barcelona"]
[Date "2001.10.14"]
[Round "2"]
[White "Naharro Mohedas, German"]
[Black "Cruanas Ruart, Josep"]
[Result "1/2-1/2"]
[WhiteElo "1950"]
[BlackElo "2075"]
[PlyCount "76"]
[EventDate "2001.10.07"]
[EventType "swiss"]
[EventRounds "9"]
[EventCountry "ESP"]
[SourceTitle "EXT 2008"]
[Source "ChessBase"]
[SourceDate "2007.11.25"]
[SourceVersion "1"]
[SourceVersionDate "2007.11.25"]
[SourceQuality "1"]

1. d4 Nf6 2. c4 e6 3. Nc3 d5 4. Bg5 Be7 5. e3 h6 6. Bh4 0-0 7. Nf3 b6 8. Rc1 Bb7 9. cxd5 Nxd5 10. Bxe7 Qxe7 11. Bd3 Rc8 12. Nxd5 Bxd5 13. 0-0 Nd7 14. Ba6 Rd8 15. Rxc7 Qd6 16. Rc3 Bxa2 17. b3 Nc5 18. Bc4 b5 19. Bxb5 Ne4 20. Rd3 Rab8 21. Ba4 Nc5 22. Rc3 Nxa4 23. bxa4 Qb4 24. Rc7 Bb3 25. Qc1 Qxa4 26. Ne5 Bd5 27. Rxf7 Rdc8 28. Rc7 Qa6 29. Qc5 Rxc7 30. Qxc7 Qb7 31. Qc2 Bxg2 32. Re1 Bh3 33. e4 Qb4 34. Rd1 Qe7 35. Rd3 Qg5+ 36. Rg3 Qd2 37. Rxg7+ Kh8 38. Rh7+ Kg8 1/2-1/2